| 000 | 00962nam a2200253Ia 4500 | ||
|---|---|---|---|
| 003 | OSt | ||
| 005 | 20221005104826.0 | ||
| 006 | a|||||r|||| 00| 0 | ||
| 007 | ta | ||
| 008 | 221004b |||||||| |||| 00| 0 hin d | ||
| 020 |
_a9788189997076 (hbk) _c350 |
||
| 024 | _a101971 | ||
| 037 |
_b404, 22/03/2010, Swaraj Prakashan _cTextual |
||
| 040 |
_aCRL _cCRL _bhin |
||
| 041 |
_2hin _ahin |
||
| 082 | _aY:4582.236.P1, 152P8 | ||
| 100 | _aहंसराज ‘सुमन’ | ||
| 245 | 0 |
_aऑपरेशन कलंक _b गुजरात के दंगों का सच |
|
| 246 | _aऑpareshan kalanka: gujarāt ke dangoan kā sacha | ||
| 260 |
_aदिल्ली _bश्री नटराज प्रकाशन भारत _c2008 |
||
| 300 |
_a176पृ0 _ccm. |
||
| 942 |
_hY:4582.236.P1, 152P8 _cTEXL _2cc |
||
| 999 |
_c1013907 _d1013907 |
||